00708nam a2200145Ia 4500008004100000050002700041100002800068245018900096260008600285300003300371521002200404942000700426999001900433952011000452140724s9999 xx 000 0 und d aLB 1029.R4b.Or68 2011 aOrgasan, Joana Marie Y. aAnalysis of the competence of the teachers at integrated communities learning center based on the national joint committee on Learning Disabilities Standards /cJoana Marie Y. Orgasan. aLas Piñas, Philippines :bSouthville International School and Colleges,cc2011. a44 p. :bcol. Ill. ;c28 cm. aSpecial Education cTH c228983d228983 001040aCLbCLcTHESESd2014-07-24l0oLB 1029.R4 .Or68 2011pT0337r2018-05-15 00:00:00w2014-07-24yTH